| 000 | 01311naa a22001817a 4500 | ||
|---|---|---|---|
| 007 | t| | ||
| 008 | 240530e20240321xxk||||os||||o00| 0 eng d | ||
| 041 | _aeng | ||
| 245 | _aWillmott Dixon v Prater and others | ||
| 260 |
_a[2024] EWHC 1190 (TCC) _bTechnology and Construction Court _c21 March 2024 |
||
| 520 | _aOn 21 March 2024, Mrs Justice Jefford delivered an ex tempore Judgment in the Technology and Construction Court on an application brought by various Lindner Group companies regarding Part 20 claims brought by AECOM Infrastructure & Environment UK Ltd (“AECOM”) for Building Liability Orders under the Building Safety Act 2022. the Judge dismissed the Lindner Group companies’ application seeking to separate out and stay the BLO claims until after judgment on the main claim. In rejecting the application, the Judge raised several points of interest around BLOs, described as a “relatively new creation” with little, if any, guidance. | ||
| 650 | _aBUILDING SAFETY ACT 2022 | ||
| 650 | _aBUILDING LIABILITY ORDERS | ||
| 650 | _aJUDGMENT | ||
| 651 | _aUnited Kingdom | ||
| 856 |
_uhttps://www.bailii.org/ew/cases/EWHC/TCC/2024/1190.html _zAvailable from BAILII |
||
| 856 |
_uhttps://www.lexology.com/library/detail.aspx?g=34927ed3-2870-4be5-bcc4-238d2c647d9d _zCommentary from Lexology |
||
| 999 |
_c121942 _d121942 |
||